LEADER 01378nam a2200301 i 4500 001 000000060396 003 CaOOAMICUS 005 20140428000000.0 008 140428s1984 it u000 u ita u 013 $a31568 020 $a88-7016-012-2 040 $aSeMil$bita 100 1 $aLuther, Martin$b<1483-1545>.$0(OLS)http://semarc/name/305 245 10$aPrediche sulla Chiesa e lo Spirito Santo /$cMartin Lutero ; Introduzione e note a cura di Giuliana Gandolfo. 260 $aTorino :$bClaudiana,$ccopyr. 1984. 300 $a182 p., [4] p. di tav. :$bill. ;$c21 cm. 490 0 $aTesti della Riforma ;$v12 500 $aContiene : Nota bibliografica ; Indice dei passi biblici citati. - In mezzo al front : Con 4 tavole fuori testo e 19 illustrazioni nel testo. 650 4$aSpirito Santo - Teologia.$0(OLS)http://semarc/subject/1154 700 1 $aGandolfo, Giuliana.$0(OLS)http://semarc/name/19083 830 0$aTesti della Riforma ;$v12.$0(OLS)http://semarc/title/7077 850 $aSeMil 852 $aSeMil$W1$xVenegono$y1$m2K II 359$j26549$B26549$CSeMilBibl$Z2$F26552 $81 900 1 $aMartin Lutero. 996 $6020$a88-7016-012-2$9(OLS)http://semarc/number/36456 996 $6245$aPrediche sulla Chiesa e lo Spirito Santo$9(OLS)http://semarc/title/94663 996 $6260$aTorino :$bClaudiana$9(OLS)http://semarc/publisher/29837 LEADER 01174nam a2200241 i 4500 001 000000188806 003 CaOOAMICUS 005 20100422000000.0 008 100422s1980 sp u000 u spa u 013 $a167040 040 $aSeMil$bita 100 1 $aSalado Martínez, Domingo.$0(OLS)http://semarc/name/69151 245 13$aLa religiosidad magica :$bestudio crítico-fenomenológico sobre la interferencia magia-religión /$cDomingo Salado Martínez. 260 $aSalamanca :$bSan Esteban,$c1980. 300 $a388 p. ;$c21 cm. 490 0 $aGlosas : estudio teológico de San Estebán ;$v6 650 4$aReligiosità popolare.$0(OLS)http://semarc/subject/5755 650 4$aMagia - Aspetti religiosi.$0(OLS)http://semarc/subject/35538 830 0$aGlosas / Facultad de Teología de San Estebàn ;$v6.$0(OLS)http://semarc/title/29400 850 $aSeMil 852 $aSeMil$W1$xVenegono$y1$m2X IV 152$j139443$B139443$CSeMilBibl$Z2$F151069 $81 996 $6245$aLa religiosidad magica :$bestudio crítico-fenomenológico sobre la interferencia magia-religión$9(OLS)http://semarc/title/271788 996 $6260$aSalamanca :$bSan Esteban$9(OLS)http://semarc/publisher/31819